[Event "Chigorin Memorial 17th"]
[Site "St Petersburg"]
[Date "2009.10.21"]
[Round "6"]
[White "Gogolev, Artem"]
[Black "Utkin, Alexander"]
[Result "0-1"]
[WhiteElo "1830"]
[BlackElo "2134"]
[PlyCount "120"]
[EventDate "2009.10.16"]
[EventType "swiss"]
[EventRounds "9"]
[EventCountry "RUS"]
[SourceTitle "CBM 132 Extra"]
[Source "ChessBase"]
[SourceDate "2009.11.03"]
[SourceVersion "1"]
[SourceVersionDate "2009.11.03"]
[SourceQuality "1"]

1. d4 d5 2. Nf3 e6 3. c3 Be7 4. Bf4 Nf6 5. h3 c5 6. e3 a6 7. Nbd2 Nc6 8. Bd3 Bd6 9. Bxd6 Qxd6 10. 0-0 0-0 11. Qe2 e5 12. dxe5 Nxe5 13. Nxe5 Qxe5 14. Nf3 Qe7 15. Rfd1 Re8 16. Rac1 Bd7 17. Bb1 Bc6 18. Rd2 Ne4 19. Bxe4 Qxe4 20. Qd3 Qe7 21. Rcd1 h6 22. c4 dxc4 23. Qxc4 Bxf3 24. gxf3 b5 25. Qd5 c4 26. f4 Rac8 27. Qd7 Qe4 28. Rd6 Qc2 29. R6d2 Qg6+ 30. Kh2 Qf6 31. Rd4 Qc6 32. Qg4 Qe6 33. Qg3 Qf6 34. Rd6 Re6 35. Rxe6 fxe6 36. Rg1 Rd8 37. a4 Rd2 38. axb5 axb5 39. e4 Rxb2 40. e5 Qf7 41. f5 exf5 42. e6 Qa7 43. Rg2 Re2 44. Qd6 c3 45. Qc6 Qe7 46. Qxc3 Rxe6 47. Qb3 Qc7+ 48. Rg3 Qe5 49. Kg2 f4 50. Rc3 Kh7 51. Rc8 Qe4+ 52. Kh2 f3 53. Qd1 Qe5+ 54. Kh1 Qf5 55. Qc2 Qxc2 56. Rxc2 b4 57. Rb2 Re4 58. Kh2 g5 59. Kg3 Rf4 60. Rd2 Kg6 0-1

[Event "Peterhof op 08"]
[Site "Peterhof"]
[Date "2009.08.10"]
[Round "8"]
[White "Sichinava, Zviad"]
[Black "Utkin, Alexander"]
[Result "1-0"]
[WhiteElo "2307"]
[BlackElo "2160"]
[PlyCount "85"]
[EventDate "2009.08.03"]
[EventType "swiss"]
[EventRounds "9"]
[EventCountry "RUS"]
[SourceTitle "EXT 2010"]
[Source "ChessBase"]
[SourceDate "2010.11.25"]
[SourceVersion "1"]
[SourceVersionDate "2010.11.25"]
[SourceQuality "1"]

1. d4 d5 2. c4 e6 3. Nf3 Nf6 4. g3 Bb4+ 5. Bd2 Be7 6. Bg2 c6 7. 0-0 0-0 8. Qc2 Nbd7 9. Bf4 b6 10. Nbd2 Bb7 11. Rac1 Nh5 12. cxd5 exd5 13. Ne5 Nxe5 14. dxe5 Nxf4 15. gxf4 c5 16. Qd3 Qd7 17. Bh3 Qa4 18. Qg3 Qxa2 19. Kh1 Qxb2 20. Rcd1 c4 21. Rg1 g6 22. f5 Kh8 23. f6 Bb4 24. Qf4 Rae8 25. Nf3 Qxe2 26. Rd4 Rg8 27. Bf1 Qc2 28. Qh6 g5 29. Bd3 Qxd3 30. Rxd3 d4 31. Rxg5 Rxg5 32. Qxg5 Rg8 33. Qf5 cxd3 34. Qxd3 Rc8 35. h4 Rc3 36. Qxd4 Bxf3+ 37. Kh2 Rc8 38. Qxb4 Bd5 39. f4 h6 40. f5 Kh7 41. e6 Rc2+ 42. Kh3 Bg2+ 43. Kg3 1-0

[Event "Peterhof op 08"]
[Site "Peterhof"]
[Date "2009.08.08"]
[Round "6"]
[White "Volkov, Sergei"]
[Black "Utkin, Alexander"]
[Result "0-1"]
[WhiteElo "2291"]
[BlackElo "2160"]
[PlyCount "74"]
[EventDate "2009.08.03"]
[EventType "swiss"]
[EventRounds "9"]
[EventCountry "RUS"]
[SourceTitle "EXT 2010"]
[Source "ChessBase"]
[SourceDate "2010.11.25"]
[SourceVersion "1"]
[SourceVersionDate "2010.11.25"]
[SourceQuality "1"]

1. e4 c5 2. Nf3 Nc6 3. Bb5 g6 4. 0-0 Bg7 5. Bxc6 bxc6 6. h3 Nf6 7. Re1 0-0 8. c3 Qc7 9. d4 cxd4 10. cxd4 d6 11. Nc3 Bb7 12. Bg5 h6 13. Be3 Kh7 14. Rc1 Qa5 15. Qc2 Qh5 16. Ne2 Qa5 17. b4 Qd8 18. Nc3 a5 19. a3 Nh5 20. g4 Nf6 21. g5 Nh5 22. Kh2 axb4 23. axb4 Qd7 24. gxh6 Bxh6 25. Bxh6 Kxh6 26. Rg1 Kg7 27. Nh4 Rh8 28. Rg4 Nf6 29. Rcg1 Nxg4+ 30. Rxg4 e5 31. Qd2 Qd8 32. Nf3 Qf6 33. Rg3 Qf4 34. Qc2 Bc8 35. h4 Ra1 36. Ne2 Rxh4+ 37. Kg2 Qxe4 0-1

[Event "Peterhof op 08"]
[Site "Peterhof"]
[Date "2009.08.07"]
[Round "5"]
[White "Utkin, Alexander"]
[Black "Lugovskoy, Dmitriy"]
[Result "1/2-1/2"]
[WhiteElo "2160"]
[BlackElo "1972"]
[PlyCount "107"]
[EventDate "2009.08.03"]
[EventType "swiss"]
[EventRounds "9"]
[EventCountry "RUS"]
[SourceTitle "EXT 2010"]
[Source "ChessBase"]
[SourceDate "2010.11.25"]
[SourceVersion "1"]
[SourceVersionDate "2010.11.25"]
[SourceQuality "1"]

1. d4 d5 2. c4 e6 3. Nc3 Nf6 4. Bg5 Nbd7 5. e3 c6 6. Nf3 Qa5 7. Nd2 Bb4 8. Qc2 0-0 9. Be2 e5 10. 0-0 exd4 11. Nb3 Qc7 12. Nxd4 dxc4 13. Bxc4 Ng4 14. Nf3 Nde5 15. Nxe5 Qxe5 16. Bf4 Qe7 17. Bd3 h6 18. Bh7+ Kh8 19. Bf5 Bxf5 20. Qxf5 Bxc3 21. bxc3 Nf6 22. Qe5 Qxe5 23. Bxe5 Ne4 24. c4 f6 25. Bb2 Rfd8 26. f3 Nd6 27. Rfc1 c5 28. e4 Rd7 29. Rd1 Rad8 30. Rac1 Nxc4 31. Rxd7 Rxd7 32. Bxf6 gxf6 33. Rxc4 Rd1+ 34. Kf2 Rd2+ 35. Kg3 b6 36. a4 Kg7 37. a5 Ra2 38. axb6 axb6 39. Rc1 Kf7 40. Rb1 Ra6 41. Kf4 Ke6 42. g4 Kf7 43. h4 Ke6 44. g5 fxg5+ 45. hxg5 hxg5+ 46. Kxg5 c4 47. f4 c3 48. f5+ Kf7 49. Rb3 Ra4 50. Rxc3 Rxe4 51. Rc7+ Re7 52. Rc6 Re1 53. Rc7+ Re7 54. Rc6 1/2-1/2

[Event "Peterhof op"]
[Site "Peterhof"]
[Date "2009.01.07"]
[Round "7"]
[White "Fedoseev, Vasily"]
[Black "Utkin, Alexander"]
[Result "1-0"]
[WhiteElo "2171"]
[BlackElo "2196"]
[PlyCount "115"]
[EventDate "2009.01.03"]
[EventType "swiss"]
[EventRounds "9"]
[EventCountry "RUS"]
[SourceTitle "CBM 128 Extra"]
[Source "ChessBase"]
[SourceDate "2009.03.05"]
[SourceVersion "2"]
[SourceVersionDate "2009.03.25"]
[SourceQuality "1"]

1. e4 c5 2. Nf3 Nc6 3. Bb5 g6 4. Bxc6 bxc6 5. d3 Bg7 6. 0-0 Nf6 7. Nbd2 0-0 8. Nb3 c4 9. Nbd2 cxd3 10. cxd3 c5 11. Qc2 d6 12. Rb1 Bg4 13. h3 Bxf3 14. Nxf3 Nd7 15. b3 Ne5 16. Nxe5 Bxe5 17. Be3 Bg7 18. Rfc1 Qa5 19. Bd2 Qa6 20. b4 cxb4 21. Rxb4 Rac8 22. Rc4 Rxc4 23. Qxc4 Qb7 24. Be3 a6 25. a4 h5 26. Qc6 Qxc6 27. Rxc6 Ra8 28. Kf1 Kf8 29. d4 Ke8 30. d5 Kd7 31. Ke2 Bf6 32. Kd3 e5 33. Bc5 Be7 34. Bb4 h4 35. Ba5 Ke8 36. Kc4 Kd7 37. Kb4 Bg5 38. Ka3 Be7 39. Bd2 Bd8 40. Be3 Be7 41. Kb4 Bd8 42. Bb6 Bg5 43. Rc7+ Ke8 44. Rc2 Kd7 45. Ka5 Ke8 46. Bc7 Kd7 47. Kb6 Rc8 48. Rc6 Be7 49. Kb7 Rh8 50. Bb6 Rh5 51. Kxa6 Rg5 52. Kb7 Rxg2 53. a5 Bd8 54. Bxd8 Kxd8 55. a6 Rxf2 56. a7 Ra2 57. Ra6 Rb2+ 58. Kc6 1-0

[Event "Peterhof op"]
[Site "Peterhof"]
[Date "2009.01.04"]
[Round "3"]
[White "Shishkin, Vadim"]
[Black "Utkin, Alexander"]
[Result "0-1"]
[WhiteElo "2493"]
[BlackElo "2196"]
[PlyCount "140"]
[EventDate "2009.01.03"]
[EventType "swiss"]
[EventRounds "9"]
[EventCountry "RUS"]
[SourceTitle "CBM 128 Extra"]
[Source "ChessBase"]
[SourceDate "2009.03.05"]
[SourceVersion "2"]
[SourceVersionDate "2009.03.25"]
[SourceQuality "1"]

1. e4 c5 2. c3 d5 3. exd5 Qxd5 4. Qb3 Be6 5. Qxd5 Bxd5 6. Na3 e5 7. Nc4 Nc6 8. Ne3 Be6 9. Bb5 Nge7 10. Nf3 a6 11. Bc4 Bxc4 12. Nxc4 Ng6 13. d3 b5 14. Na3 Rd8 15. Ke2 Bd6 16. Nc2 0-0 17. Rd1 h6 18. g3 Rfe8 19. Ne3 Bf8 20. a3 a5 21. Bd2 a4 22. Be1 Rd7 23. Nd2 Na5 24. Ne4 Nb3 25. Rab1 Red8 26. f3 Ne7 27. g4 Nd5 28. Nxd5 Rxd5 29. Bh4 R8d7 30. c4 bxc4 31. dxc4 Rxd1 32. Rxd1 Nd4+ 33. Ke3 Nf5+ 34. gxf5 Rxd1 35. Nc3 Rd4 36. Bg3 f6 37. Nxa4 Rxc4 38. Nc3 Rd4 39. Nb5 Rd8 40. a4 c4 41. Be1 Rd3+ 42. Ke4 Rd1 43. Bc3 Bc5 44. a5 Kf7 45. a6 Rd7 46. f4 exf4 47. Kxf4 Ke7 48. h4 Kd8 49. Ba5+ Kc8 50. Kg4 Rd1 51. Bc3 Bb6 52. Kh5 Kb8 53. Kg6 Rg1+ 54. Kf7 h5 55. Na3 Rg4 56. Nb5 Bf2 57. Nd6 Bxh4 58. Ne8 Bf2 59. Nxg7 h4 60. Bxf6 h3 61. Be5+ Ka7 62. f6 Bg3 63. Bxg3 Rxg3 64. Kg8 h2 65. f7 Rf3 66. f8Q Rxf8+ 67. Kxf8 h1Q 68. Ne6 Kxa6 69. Ke7 Qb7+ 70. Kd6 Qxb2 0-1

[Event "Peterhof op"]
[Site "Peterhof"]
[Date "2009.01.04"]
[Round "2"]
[White "Utkin, Alexander"]
[Black "Potapova, Maria"]
[Result "1-0"]
[WhiteElo "2196"]
[BlackElo "1853"]
[PlyCount "67"]
[EventDate "2009.01.03"]
[EventType "swiss"]
[EventRounds "9"]
[EventCountry "RUS"]
[SourceTitle "CBM 128 Extra"]
[Source "ChessBase"]
[SourceDate "2009.03.05"]
[SourceVersion "2"]
[SourceVersionDate "2009.03.25"]
[SourceQuality "1"]

1. d4 Nf6 2. Nf3 g6 3. g3 d5 4. Bg2 Bg7 5. 0-0 0-0 6. c4 dxc4 7. Na3 Nc6 8. Nxc4 Be6 9. b3 Bd5 10. Bb2 a5 11. a4 Nb4 12. e3 Be4 13. Ne1 Bxg2 14. Kxg2 Qd5+ 15. Qf3 Qxf3+ 16. Nxf3 Nd3 17. Ba3 Nd5 18. Rfd1 N5b4 19. Rab1 Rfd8 20. Rd2 c5 21. Rbd1 cxd4 22. exd4 Bh6 23. Rxd3 Nxd3 24. Rxd3 Re8 25. Bc5 b5 26. axb5 a4 27. bxa4 Rxa4 28. Ne3 Ra5 29. Rb3 Rb8 30. b6 Ra2 31. Nd5 e6 32. Ne7+ Kg7 33. b7 Ra6 34. Ne5 1-0

[Event "Chigorin Memorial 16th"]
[Site "St Petersburg"]
[Date "2008.10.09"]
[Round "7"]
[White "Ivanov, Alexey2222"]
[Black "Utkin, Alexander"]
[Result "0-1"]
[WhiteElo "2431"]
[BlackElo "2196"]
[PlyCount "80"]
[EventDate "2008.10.03"]
[EventType "swiss"]
[EventRounds "9"]
[EventCountry "RUS"]
[SourceTitle "CBM 126 Extra"]
[Source "ChessBase"]
[SourceDate "2008.11.05"]
[SourceVersion "1"]
[SourceVersionDate "2008.11.05"]
[SourceQuality "1"]

1. e4 c5 2. Nf3 Nc6 3. d4 cxd4 4. Nxd4 Nf6 5. Nc3 e5 6. Ndb5 d6 7. Bg5 a6 8. Na3 b5 9. Bxf6 gxf6 10. Nd5 Bg7 11. c3 f5 12. exf5 Bxf5 13. Nc2 Be6 14. g3 0-0 15. Bg2 a5 16. 0-0 f5 17. f4 e4 18. Kh1 b4 19. Nce3 Ne7 20. cxb4 Nxd5 21. Nxd5 axb4 22. Rf2 Bxd5 23. Qxd5+ Kh8 24. Rd1 Qa5 25. Qe6 Qxa2 26. Qxd6 Qa5 27. Re1 Rad8 28. Qe6 b3 29. Ref1 Qb4 30. g4 Rde8 31. Qd7 e3 32. Re2 Bxb2 33. Qd3 Bd4 34. gxf5 b2 35. Be4 Rc8 36. Ree1 Qd2 37. Rd1 Qxd3 38. Bxd3 Rc3 39. Kg2 Rfc8 40. Kf3 Rxd3 0-1

[Event "Peterhof op"]
[Site "Peterhof"]
[Date "2008.08.09"]
[Round "8"]
[White "Utkin, Alexander"]
[Black "Vlassow, Valentin"]
[Result "0-1"]
[WhiteElo "2187"]
[BlackElo "2379"]
[PlyCount "100"]
[EventDate "2008.08.02"]
[EventType "swiss"]
[EventRounds "9"]
[EventCountry "RUS"]
[SourceTitle "CBM 125 Extra"]
[Source "ChessBase"]
[SourceDate "2008.09.01"]
[SourceVersion "1"]
[SourceVersionDate "2008.09.01"]
[SourceQuality "1"]

1. d4 d5 2. c4 e6 3. Nc3 c5 4. cxd5 cxd4 5. Qa4+ Bd7 6. Qxd4 exd5 7. Qxd5 Nc6 8. Nf3 Nf6 9. Qd1 Bc5 10. e3 Qe7 11. Be2 0-0 12. 0-0 Rfd8 13. a3 Rac8 14. Qc2 Bd6 15. h3 b5 16. e4 a5 17. Bxb5 Ne5 18. Nd4 Bxb5 19. Ndxb5 Bb8 20. Bg5 Nd3 21. Qe2 Rc5 22. Bxf6 Qxf6 23. Rad1 Nf4 24. Rxd8+ Qxd8 25. Qg4 h5 26. Rd1 Qf6 27. Qf3 h4 28. Nd5 Nxd5 29. Qxf6 Nxf6 30. Rd8+ Kh7 31. Rxb8 Rc1+ 32. Kh2 Nxe4 33. Nd4 Nxf2 34. g3 Rd1 35. Nf3 Rd3 36. Nxh4 Nd1 37. g4 Rd2+ 38. Kg3 Rxb2 39. Rd8 Rb3+ 40. Nf3 Nc3 41. h4 Rxa3 42. h5 f6 43. Nh4 Ne4+ 44. Kf4 Ng5 45. Ra8 Rh3 46. Rxa5 Rxh4 47. Kf5 Rh3 48. Ra4 Rf3+ 49. Rf4 Rxf4+ 50. Kxf4 Kh6 0-1

[Event "St Petersburg June op"]
[Site "St Petersburg"]
[Date "2008.06.29"]
[Round "9"]
[White "Utkin, Alexander"]
[Black "Yaksin, Oleg"]
[Result "0-1"]
[WhiteElo "2187"]
[BlackElo "2273"]
[PlyCount "108"]
[EventDate "2008.06.21"]
[EventType "swiss"]
[EventRounds "9"]
[EventCountry "RUS"]
[SourceTitle "CBM 125 Extra"]
[Source "ChessBase"]
[SourceDate "2008.09.01"]
[SourceVersion "1"]
[SourceVersionDate "2008.09.01"]
[SourceQuality "1"]

1. d4 c5 2. d5 e5 3. e4 d6 4. Bb5+ Nd7 5. a4 Be7 6. Nf3 Ngf6 7. Nc3 a6 8. Be2 Nf8 9. Nd2 b6 10. 0-0 Ng6 11. Nc4 Bd7 12. g3 Rb8 13. Na3 b5 14. axb5 axb5 15. Bxb5 Bxb5 16. Ncxb5 Nxe4 17. Na7 Qd7 18. Nc6 Ra8 19. Qe2 f5 20. f3 Nf6 21. c4 0-0 22. Bd2 h5 23. Nb5 h4 24. b4 hxg3 25. hxg3 f4 26. bxc5 fxg3 27. cxd6 Bxd6 28. Nxd6 Qxd6 29. Bb4 Qd7 30. Bxf8 Nf4 31. Ne7+ Kf7 32. Qc2 g2 33. Rxa8 Qh3 34. Rfa1 Qg3 35. Qg6+ Nxg6 36. Nf5 Qh3 37. R1a7+ Nd7 38. Rxd7+ Kf6 39. Ng3 Qxd7 40. Ne4+ Kf5 41. Kxg2 Kf4 42. Ba3 Nh4+ 43. Kf2 Nxf3 44. Rf8+ Kxe4 45. Rxf3 Qa7+ 46. Kg2 Qa4 47. Be7 Qxc4 48. d6 Qe2+ 49. Rf2 Qg4+ 50. Kh2 g5 51. Rg2 Qf4+ 52. Kh1 g4 53. d7 g3 54. Rxg3 Qc1+ 0-1

[Event "St Petersburg June op"]
[Site "St Petersburg"]
[Date "2008.06.27"]
[Round "7"]
[White "Utkin, Alexander"]
[Black "Golovankov, Vladimir"]
[Result "1/2-1/2"]
[WhiteElo "2187"]
[BlackElo "2282"]
[PlyCount "108"]
[EventDate "2008.06.21"]
[EventType "swiss"]
[EventRounds "9"]
[EventCountry "RUS"]
[SourceTitle "CBM 125 Extra"]
[Source "ChessBase"]
[SourceDate "2008.09.01"]
[SourceVersion "1"]
[SourceVersionDate "2008.09.01"]
[SourceQuality "1"]

1. d4 d5 2. c4 e6 3. Nc3 Nf6 4. Bg5 Be7 5. e3 0-0 6. Nf3 Nbd7 7. Rc1 c6 8. Bd3 dxc4 9. Bxc4 Nd5 10. Bxe7 Qxe7 11. 0-0 Nxc3 12. Rxc3 b6 13. Bd3 c5 14. Bb5 Rd8 15. Qc2 Bb7 16. dxc5 Nxc5 17. Be2 a5 18. Nd4 e5 19. Nb3 Qg5 20. g3 Be4 21. Qc1 Nd3 22. Bxd3 Bxd3 23. Rd1 Bf5 24. Nd2 h5 25. h4 Qg4 26. Re1 Rac8 27. e4 Bg6 28. Kg2 Qe6 29. a3 f6 30. Ree3 Kh7 31. f3 Be8 32. Rxc8 Rxc8 33. Rc3 Rd8 34. Nc4 Bd7 35. Qe1 Rc8 36. Ne3 Rxc3 37. bxc3 Qa2+ 38. Qf2 Qxa3 39. Nd5 Qc5 40. Nxb6 Bh3+ 41. Kg1 Qxc3 42. Nd5 Qc1+ 43. Kh2 Be6 44. Qa2 Kh6 45. Qxa5 Qc2+ 46. Kg1 Qd1+ 47. Kf2 Qh1 48. Qd8 Qh2+ 49. Ke3 Qg1+ 50. Ke2 Qg2+ 51. Ke3 Qg1+ 52. Ke2 Qg2+ 53. Ke3 Qg1+ 54. Ke2 Qg2+ 1/2-1/2